| 000 | 00755nam a22001817a 4500 | ||
|---|---|---|---|
| 003 | BD-DhUL | ||
| 005 | 20160817174648.0 | ||
| 008 | 160817s2003 bg a|||| |||| 00| 0 ben | ||
| 040 |
_aBD-DhUL _cBD-DhUL |
||
| 082 |
_a305.89144 _bMOB |
||
| 100 | 1 | _a(মংবা), মং বা অং | |
| 245 | 1 | 0 |
_aবাংলাদেশে রাখাইন সম্প্রদায় : _bইতিহাস, ঐতিহ্য ও জীবনধারা / _c(মংবা), মং বা অং |
| 260 |
_aচট্টগ্রাম : _bমং বা অং, _c২০০৩ |
||
| 300 |
_a২৪০ পৃ. : _b চিত্র ; _c২২ সেমি |
||
| 650 | 0 | _aরাখাইন উপজাতি | |
| 650 | 0 | _aRakhain ethnic group | |
| 942 |
_2ddc _cBK |
||
| 999 |
_c99256 _d99256 |
||